| 000 | 01780nam a2200445 i 4500 | ||
|---|---|---|---|
| 001 | 991027378371607026 | ||
| 005 | 20260527150119.0 | ||
| 006 | m o d | | ||
| 007 | cr cnu|||||||| | ||
| 008 | 190411s2017 mau ob 001 0 eng d | ||
| 020 | _a9781558443631 | ||
| 020 | _a1558443673 | ||
| 020 | _a1558443657 | ||
| 035 | _a(CKB)4100000007265119 | ||
| 035 | _a(MiAaPQ)EBC5212208 | ||
| 035 | _a(EXLCZ)994100000007265119 | ||
| 040 | _aMiAaPQ | ||
| 041 | _aeng | ||
| 043 | _aAfrica | ||
| 082 | 0 | _a336.22096 | |
| 245 | 0 | 0 |
_aProperty tax in Africa : _bstatus, challenges, and prospects / _cedited by Riël Franzsen and William McCluskey. |
| 250 | _a1st ed. | ||
| 264 | 1 |
_aCambridge, Massachusetts : _bLincoln Institute of Land Policy, _c[2017] |
|
| 264 | 4 | _c©2017 | |
| 300 | _a649 pages | ||
| 336 |
_atext _btxt _2rdacontent |
||
| 337 |
_acomputer _bc _2rdamedia |
||
| 338 |
_aonline resource _bcr _2rdacarrier |
||
| 504 | _aIncludes bibliographical references and index. | ||
| 520 | _aOverview of property tax systems across Africa. Reviews of salient features for 29 countries and four regions (Anglophone, Francophone, Lusophone, North African countries). Chapters offer in-depth discussion of key policy issues (tax base, exemptions and other relief, and tax rate), administrative issues (valuation and assessment, billing, collection, enforcement), and the future of the property tax in Africa | ||
| 588 | _aDescription based on print version record. | ||
| 650 | 0 |
_aProperty tax _zAfrica. |
|
| 650 | 0 |
_aTax administration and procedure _zAfrica. |
|
| 651 | _aAfrica | ||
| 690 |
_aFinance & taxation _96241 |
||
| 700 | 1 |
_aFranzsen, R. C. D. _eeditor. |
|
| 700 | 1 |
_aMcCluskey, William J., _eeditor. |
|
| 776 | _z1-55844-363-0 | ||
| 942 | _n0 | ||
| 999 |
_c122353 _d122353 |
||